PRÍPRAVA NIEKTORÝCH ANALÓGOV KELLÍNU AKO LÁTOK S MOŽNÝM KORONÁRNEDILATAČNÝM ÚČINKOM I

Bibliographic Details
Main Authors: Kňažko, Ladislav, 1923-2011 (Author), R. CH. BHARADWAJ (Author)
Format: Article
Language:Slovak

MARC

LEADER 00000nab a2200000uu 4500
001 vtls011453912
003 SK-MaSNL
005 20260303210306.0
008 230121|1967 xo |||||||||||||||||slo|
015 |a SNBRB 
035 |a (urnnbn)urn:nbn:sk:snk:ar-0081yh 
035 |a (uuid)8a1d65e7-2eeb-488c-9294-7a04e6a29f43 
035 |a urn:nbn:sk:snk-abcpb3 
040 |a SNKBUCL  |b slo  |c SNKBUCL  |e AACR2 
041 0 |a slo 
044 |a xo  |c SK 
100 1 |a Kňažko, Ladislav,  |d 1923-2011  |4 aut  |9 24591 
245 1 0 |a PRÍPRAVA NIEKTORÝCH ANALÓGOV KELLÍNU AKO LÁTOK S MOŽNÝM KORONÁRNEDILATAČNÝM ÚČINKOM I  |c L. Kňažko, R. Ch. Bharadwaj 
700 1 |a R. CH. BHARADWAJ  |4 aut  |9 1241801 
773 0 |t Farmaceutický obzor : odborný časopis Ministerstva zdravotníctva Slovenskej republiky a Slovenskej zdravotníckej univerzity v Bratislave  |g Roč. 36, č. 3 (1967), s. 97-109 
958 |a OND 
958 |a EUIPO 
958 |a article16 
999 |c 2199658  |d 2201588